| 000 | 00360nam a2200145Ia 4500 | ||
|---|---|---|---|
| 005 | 20250317050516.0 | ||
| 008 | 240331s9999 xx 000 0 und d | ||
| 082 |
_bDAN _a894 |
||
| 100 | _aDaniel, K | ||
| 245 | 0 | _aKanal | |
| 260 |
_aColombo _bPoobalasingam Puthagasalai _c1993 |
||
| 300 | _aXiv, 232 p ., | ||
| 500 | _aA Novel Based on Caste issue | ||
| 942 | _cL | ||
| 999 |
_c3968 _d3968 |
||